[Event "CZE-ch 2020"]
[Site "Pilsen"]
[Date "2020.08.30"]
[Round "8.15"]
[White "Novotny, Martin"]
[Black "Vorisek, Jaroslav"]
[Result "0-1"]
[WhiteElo "2180"]
[BlackElo "2279"]
[Annotator "TA"]
[PlyCount "136"]
[EventDate "2020.08.23"]
[EventType "swiss"]
[EventCountry "CZE"]
[SourceTitle "playchess.com"]
[Source "ChessBase"]
[SourceQuality "1"]

{[%evp 15,136,-22,-19,-37,-30,-32,-12,-12,-16,-44,-35,-25,13,-60,-52,-66,-65,-65,-72,-77,-48,-108,-75,-83,-52,-44,-18,-18,-24,-13,-14,-25,-28,-20,-26,-49,-60,-56,-24,-29,-18,-32,-6,-44,-47,-39,-14,-20,-18,-20,-23,-22,0,0,0,0,0,0,0,0,0,0,14,7,8,0,0,0,6,0,0,0,0,-18,-18,-18,-14,-14,-16,-20,-28,-94,-102,-217,-213,-210,-183,-748,-723,-669,-644,-1028,-1239,-29968,-5298,-905,-470,-4134,-1727,-2034,-1829,-4937,-4937,-29982,-29981,-29982,-29983,-29985,-29986,-29986,-29984,-29988,-29988,-29989,-29989,-29991,-29992,-29994,-29995,-29995,-29993,-29993,-29994]} 1. Nf3 d5 2. d4 c5 3. c3 Nf6 4. Bf4 Nc6 5. e3 Qb6 6. Qb3 c4 7. Qxb6 axb6 8. Nbd2 b5 9. a3 {is the legacy move (9.Be2). D02: 1 d4 d5 2 Nf3 sidelines, including 2...Nf6 3 g3 and 2...Nf6 3 Bf4.} b4 10. cxb4 Nxb4 {[#] White must now prevent ...Nc2+.} 11. Rc1 {The position is equal.} Nc6 12. Be2 Bf5 13. Ne5 {[#]} e6 $146 ({Predecessor:} 13... h6 14. h4 e6 15. g4 Bh7 16. Nxc6 bxc6 17. g5 Nd7 18. gxh6 gxh6 19. Rg1 Ra7 {0-1 (49) Fels,B (2138)-Grebenshchikov,A (2184) ICCF email 2011}) 14. Bf3 (14. g4 $11 Bg6 15. h4 (15. Nxg6 hxg6 16. O-O Kd7 $15)) 14... Rc8 15. h3 h6 16. O-O Be7 17. Nb1 Ne4 18. Rfd1 ({White should play} 18. Bd1 $15) 18... Nxe5 19. Bxe5 f6 20. Bh2 Kf7 21. Bh5+ g6 22. Be2 {And now g4 would win.} g5 23. f3 {g4 is the strong threat.} Nd6 24. Nc3 Rhd8 25. Kf2 Bg6 26. Re1 Ne8 27. Rcd1 Bd6 28. Bxd6 Nxd6 (28... Rxd6 {keeps more tension.} 29. h4 Rb6 30. Na4 Ra6 31. Nc3 Nd6) 29. Bf1 (29. e4 $5) 29... f5 30. g4 Ne8 31. gxf5 exf5 32. Bg2 Nf6 33. e4 f4 34. e5 Ng8 35. h4 Ne7 36. Bh3 Bf5 37. Rh1 (37. e6+ {looks sharper.} Ke8 38. Bxf5 Nxf5 39. Re5 Nxh4 40. Nxd5 Ng6 41. Rf5) 37... Bxh3 38. Rxh3 {Threatens to win with hxg5.} Rg8 39. hxg5 hxg5 40. Rdh1 Rc6 41. Rh7+ Rg7 42. R1h5 Rb6 43. Na4 Rb3 44. Rxg7+ Kxg7 45. Rxg5+ $11 {[%mdl 4096] Endgame KRN-KRN} Kh6 46. Rg4 b5 {[%cal Bb7b5,Bb5b4][%mdl 32]} 47. Nc3 Rxb2+ 48. Ke1 (48. Ne2 $1 $11) 48... Rb3 $17 {[%mdl 64] [#] Double Attack. White is now going downhill.} 49. Kd2 (49. Ne2 $17 {might work better.}) 49... Rxa3 $19 50. Rxf4 b4 51. Nb1 $2 (51. Ne2) 51... Ra2+ 52. Kc1 Kg5 53. Rf8 Nf5 54. e6 c3 (54... Nxd4 $142 55. f4+ Kg4 56. Rg8+ Kxf4 57. Rb8 Rc2+ 58. Kd1 Rb2 59. Kc1 c3 60. Rxb4 Rxb4 61. Nxc3 Ke5 62. e7 Rb8 63. Kd2 Re8 64. Nd1 Rxe7 65. Nf2 Nb3+ 66. Kc3 Nc5 67. Kb4 Ne4 68. Nd3+ Kd4 69. Ne1 Rb7+ 70. Ka5 Kc4 71. Nf3 Rb5+ 72. Ka6 Nc5+ 73. Ka7 d4 74. Ka8 d3 75. Ka7 Rb2 76. Ka8 Kd5 77. Ka7 d2 78. Nxd2 Kc6 79. Ne4 Nxe4 80. Ka8 Kc7 81. Ka7 Ra2#) 55. f4+ Kg6 56. e7 (56. Rc8 $142) 56... Nxe7 57. Rb8 Rb2 58. Rb6+ Kf5 59. Rd6 Kxf4 {Black mates.} 60. Rb6 Nf5 61. Rb5 Ne3 {[%csl Ge3][%cal Rb2c2]} 62. Nxc3 bxc3 {KRN-KR} 63. Rb3 Rc2+ 64. Kb1 Ke4 65. Rb4 Kd3 66. Ra4 Rb2+ 67. Kc1 Rh2 {[%cal Rh2h1]} 68. Kb1 Nc4 {Accuracy: White = 61%, Black = 76%.} 0-1

[Event "CZE-ch 2020"]
[Site "Pilsen"]
[Date "2020.08.30"]
[Round "8.16"]
[White "Stalmach, Richard"]
[Black "Vorisek, Jakub"]
[Result "1-0"]
[WhiteElo "2273"]
[BlackElo "2205"]
[Annotator "ChessBase"]
[PlyCount "69"]
[EventDate "2020.08.23"]
[EventType "swiss"]
[EventCountry "CZE"]
[SourceTitle "playchess.com"]
[Source "ChessBase"]
[SourceQuality "1"]
[TimeControl "40/5400+30:1800+30"]

1. d4 {[%emt 0:00:00]} d5 {[%emt 0:00:00]} 2. c4 {[%emt 0:00:00]} e5 {[%emt 0:00:03]} 3. e3 {[%emt 0:00:52]} exd4 {[%emt 0:03:32]} 4. exd4 {[%emt 0:00:52]} Nf6 {[%emt 0:02:15]} 5. Nc3 {[%emt 0:00:32]} Be7 {[%emt 0:03:14]} 6. Bd3 {[%emt 0:05:22]} dxc4 {[%emt 0:02:43]} 7. Bxc4 {[%emt 0:00:10]} O-O {[%emt 0:00:17]} 8. Nf3 {[%emt 0:01:07]} Bg4 {[%emt 0:03:26]} 9. Be3 {[%emt 0:01:24]} c6 {[%emt 0:03:50]} 10. O-O {[%emt 0:02:17]} Nbd7 {[%emt 0:02:15]} 11. Rc1 {[%emt 0:02:50]} Nb6 {[%emt 0:00:33]} 12. Be2 {[%emt 0:00:16]} Nbd5 {[%emt 0:01:43]} 13. Ne5 {[%emt 0:07:50]} Bxe2 {[%emt 0:02:23]} 14. Qxe2 {[%emt 0:04:43]} Qa5 {[%emt 0:03:29]} 15. Bg5 {[%emt 0:02:30]} Rfe8 {[%emt 0:08:05]} 16. Qf3 {[%emt 0:01:46]} Nxc3 {[%emt 0:09:47]} 17. bxc3 {[%emt 0:02:59]} Qd5 {[%emt 0:02:27]} 18. Bxf6 {[%emt 0:08:31]} Qxf3 {[%emt 0:05:10]} 19. Nxf3 {[%emt 0:00:50]} Bxf6 {[%emt 0:00:07]} 20. Rfe1 {[%emt 0:00:51]} Kf8 {[%emt 0:01:01]} 21. Kf1 {[%emt 0:00:22]} b5 {[%emt 0:05:39]} 22. Re3 {[%emt 0:06:54]} a5 {[%emt 0:14:09]} 23. Ke2 {[%emt 0:00:48]} b4 {[%emt 0:00:14]} 24. Kd3 {[%emt 0:13:03]} c5 {[%emt 0:05:28]} 25. Rxe8+ {[%emt 0:04:07]} Kxe8 {[%emt 0:01:31]} 26. dxc5 {[%emt 0:00:03]} bxc3 {[%emt 0:05:52]} 27. Re1+ {[%emt 0:00:04]} Kf8 {[%emt 0:08:19]} 28. Kc4 {[%emt 0:01:45]} Rb8 {[%emt 0:00:51]} 29. c6 {[%emt 0:01:13]} Rc8 {[%emt 0:01:11]} 30. Kb5 {[%emt 0:01:02]} Bd8 {[%emt 0:00:34]} 31. Ne5 {[%emt 0:03:36]} Bc7 {[%emt 0:02:05]} 32. Nd7+ {[%emt 0:00:26]} Kg8 {[%emt 0:00:07]} 33. Rc1 {[%emt 0:00:55]} Bxh2 {[%emt 0:00:27]} 34. g3 {[%emt 0:00:22]} h5 {[%emt 0:00:16]} 35. Nb6 {[%emt 0:00:15]} 1-0

[Event "CZE-ch 2020"]
[Site "Pilsen"]
[Date "2020.08.30"]
[Round "8.17"]
[White "Flajsman, Pavel"]
[Black "Klement, Lukas"]
[Result "0-1"]
[WhiteElo "2184"]
[BlackElo "2260"]
[Annotator "ChessBase"]
[PlyCount "60"]
[EventDate "2020.08.23"]
[EventType "swiss"]
[EventCountry "CZE"]
[SourceTitle "playchess.com"]
[Source "ChessBase"]
[SourceQuality "1"]
[TimeControl "40/5400+30:1800+30"]

1. Nf3 {[%emt 0:00:00]} Nf6 {[%emt 0:00:00]} 2. c4 {[%emt 0:00:00]} e6 {[%emt 0:00:00]} 3. g3 {[%emt 0:01:48]} b6 {[%emt 0:00:07]} 4. Bg2 {[%emt 0:00:06]} Bb7 {[%emt 0:00:05]} 5. O-O {[%emt 0:00:04]} Be7 {[%emt 0:00:20]} 6. d4 {[%emt 0:00:31]} O-O {[%emt 0:02:12]} 7. b3 {[%emt 0:07:03]} c5 {[%emt 0:04:37]} 8. dxc5 {[%emt 0:08:22]} bxc5 {[%emt 0:02:14]} 9. Nc3 {[%emt 0:00:45]} Ne4 {[%emt 0:09:32]} 10. Bb2 {[%emt 0:26:48]} f5 {[%emt 0:26:51]} 11. Nxe4 {[%emt 0:14:40]} fxe4 {[%emt 0:09:06]} 12. Ne5 {[%emt 0:07:26]} d5 {[%emt 0:04:21]} 13. Qc2 {[%emt 0:07:21]} Bd6 {[%emt 0:08:40]} 14. f4 {[%emt 0:04:32]} exf3 {[%emt 0:06:43]} 15. exf3 {[%emt 0:00:23]} Bxe5 {[%emt 0:02:05]} 16. Bxe5 {[%emt 0:00:02]} Nc6 {[%emt 0:00:26]} 17. Rae1 {[%emt 0:01:02]} d4 {[%emt 0:01:01]} 18. f4 {[%emt 0:08:07]} Nb4 {[%emt 0:01:03]} 19. Qd2 {[%emt 0:02:08]} Bxg2 {[%emt 0:00:10]} 20. Kxg2 {[%emt 0:00:02]} a5 {[%emt 0:00:45]} 21. g4 {[%emt 0:05:10]} Qd7 {[%emt 0:01:14]} 22. Rf3 {[%emt 0:00:43]} a4 {[%emt 0:04:16]} 23. bxa4 {[%emt 0:00:04]} Qxa4 {[%emt 0:02:52]} 24. a3 {[%emt 0:00:24]} Nc2 {[%emt 0:00:45]} 25. Rc1 {[%emt 0:01:39]} Ne3+ {[%emt 0:00:17]} 26. Rxe3 {[%emt 0:01:07]} dxe3 {[%emt 0:00:06]} 27. Qxe3 {[%emt 0:00:03]} Rfd8 {[%emt 0:01:48]} 28. Qxc5 {[%emt 0:01:31]} Rd2+ {[%emt 0:00:12]} 29. Kh1 {[%emt 0:01:30]} Rad8 {[%emt 0:00:30]} 30. Qe3 {[%emt 0:00:36]} Qa8+ {[%emt 0:00:16]} 0-1

[Event "CZE-ch 2020"]
[Site "Pilsen"]
[Date "2020.08.30"]
[Round "8.18"]
[White "Svanda, Ondrej"]
[Black "Houska, Jiri"]
[Result "1-0"]
[WhiteElo "2250"]
[BlackElo "2202"]
[Annotator "ChessBase"]
[PlyCount "53"]
[EventDate "2020.08.23"]
[EventType "swiss"]
[EventCountry "CZE"]
[SourceTitle "playchess.com"]
[Source "ChessBase"]
[SourceQuality "1"]
[TimeControl "40/5400+30:1800+30"]

1. e4 {[%emt 0:00:00]} c5 {[%emt 0:00:00]} 2. Nf3 {[%emt 0:00:00]} d6 {[%emt 0:00:00]} 3. d4 {[%emt 0:00:00]} cxd4 {[%emt 0:00:00]} 4. Nxd4 {[%emt 0:00:00]} Nf6 {[%emt 0:00:00]} 5. Nc3 {[%emt 0:00:00]} g6 {[%emt 0:00:00]} 6. Be3 {[%emt 0:00:05]} Bg7 {[%emt 0:00:00]} 7. f3 {[%emt 0:00:04]} O-O {[%emt 0:00:00]} 8. Qd2 {[%emt 0:00:03]} Nc6 {[%emt 0:00:02]} 9. O-O-O {[%emt 0:00:14]} d5 {[%emt 0:00:09]} 10. Qe1 {[%emt 0:00:09]} e5 {[%emt 0:01:27]} 11. Nxc6 {[%emt 0:00:12]} bxc6 {[%emt 0:00:03]} 12. exd5 {[%emt 0:00:06]} Nxd5 {[%emt 0:00:25]} 13. Bc4 {[%emt 0:00:06]} Be6 {[%emt 0:01:05]} 14. Kb1 {[%emt 0:00:16]} Rb8 {[%emt 0:22:13]} 15. Ne4 {[%emt 0:00:15]} Qc7 {[%emt 0:05:00]} 16. Bc5 {[%emt 0:00:31]} Rfd8 {[%emt 0:01:52]} 17. g4 {[%emt 0:00:43]} h6 {[%emt 0:03:59]} 18. Rg1 {[%emt 0:00:24]} f5 {[%emt 0:16:26]} 19. gxf5 {[%emt 0:00:06]} gxf5 {[%emt 0:00:03]} 20. Nf6+ {[%emt 0:01:47]} Kh8 {[%emt 0:06:48]} 21. Nh5 {[%emt 0:06:37]} Bf8 {[%emt 0:01:17]} 22. Bxf8 {[%emt 0:03:16]} Rxf8 {[%emt 0:00:02]} 23. Rg6 {[%emt 0:01:09]} Bg8 {[%emt 0:01:36]} 24. Rxh6+ {[%emt 0:01:33]} Bh7 {[%emt 0:00:04]} 25. f4 {[%emt 0:27:28]} Nxf4 {[%emt 0:06:04]} 26. Rxc6 {[%emt 0:10:00]} Qe7 {[%emt 0:09:19]} 27. Nxf4 {[%emt 0:00:15]} 1-0

[Event "CZE-ch 2020"]
[Site "Pilsen"]
[Date "2020.08.30"]
[Round "8.19"]
[White "Paseka, Matyas"]
[Black "Zeman, Matyas"]
[Result "1/2-1/2"]
[WhiteElo "1959"]
[BlackElo "2250"]
[Annotator "ChessBase"]
[PlyCount "61"]
[EventDate "2020.08.23"]
[EventType "swiss"]
[EventCountry "CZE"]
[SourceTitle "playchess.com"]
[Source "ChessBase"]
[SourceQuality "1"]
[TimeControl "40/5400+30:1800+30"]

1. e4 {[%emt 0:00:00]} e6 {[%emt 0:00:00]} 2. d4 {[%emt 0:00:00]} d5 {[%emt 0:00:00]} 3. Nd2 {[%emt 0:00:00]} h6 {[%emt 0:00:00]} 4. c3 {[%emt 0:00:42]} c5 {[%emt 0:00:09]} 5. exd5 {[%emt 0:00:21]} exd5 {[%emt 0:00:06]} 6. Ngf3 {[%emt 0:00:50]} Nf6 {[%emt 0:00:23]} 7. Bb5+ {[%emt 0:00:48]} Bd7 {[%emt 0:07:52]} 8. Bxd7+ {[%emt 0:02:08]} Nbxd7 {[%emt 0:00:19]} 9. O-O {[%emt 0:00:19]} Be7 {[%emt 0:00:10]} 10. Re1 {[%emt 0:03:54]} O-O {[%emt 0:00:06]} 11. Nf1 {[%emt 0:03:23]} Re8 {[%emt 0:02:37]} 12. Ne3 {[%emt 0:04:23]} Nf8 {[%emt 0:01:07]} 13. Ne5 {[%emt 0:03:43]} cxd4 {[%emt 0:04:22]} 14. Qxd4 {[%emt 0:06:26]} Ne6 {[%emt 0:00:08]} 15. Qd3 {[%emt 0:00:19]} d4 {[%emt 0:05:47]} 16. Nf5 {[%emt 0:02:21]} dxc3 {[%emt 0:01:17]} 17. Qg3 {[%emt 0:02:25]} Kh7 {[%emt 0:11:04]} 18. Nxf7 {[%emt 0:03:37]} Qd5 {[%emt 0:00:05]} 19. Ne5 {[%emt 0:01:34]} g5 {[%emt 0:00:56]} 20. Qh3 {[%emt 0:07:08]} Bf8 {[%emt 0:00:56]} 21. Nxh6 {[%emt 0:07:42]} Bxh6 {[%emt 0:01:02]} 22. Qf5+ {[%emt 0:00:09]} Kh8 {[%emt 0:00:15]} 23. Qg6 {[%emt 0:25:01]} Bg7 {[%emt 0:01:04]} 24. Nf7+ {[%emt 0:01:25]} Kg8 {[%emt 0:00:03]} 25. Nh6+ {[%emt 0:00:08]} Kh8 {[%emt 0:00:04]} 26. Nf7+ {[%emt 0:00:06]} Kg8 {[%emt 0:00:08]} 27. Nh6+ {[%emt 0:00:17]} Kh8 {[%emt 0:00:04]} 28. Nf7+ {[%emt 0:00:04]} Kg8 {[%emt 0:00:05]} 29. Nh6+ {[%emt 0:00:04]} Kh8 {[%emt 0:00:03]} 30. Nf7+ {[%emt 0:00:05]} Kg8 {[%emt 0:00:05]} 31. Nh6+ {[%emt 0:00:04]} 1/2-1/2

[Event "CZE-ch 2020"]
[Site "Pilsen"]
[Date "2020.08.30"]
[Round "8.20"]
[White "Freisler, Pavel"]
[Black "Jun, Rudolf"]
[Result "1-0"]
[WhiteElo "2249"]
[BlackElo "2094"]
[Annotator "TA"]
[PlyCount "105"]
[EventDate "2020.08.23"]
[EventType "swiss"]
[EventCountry "CZE"]
[SourceTitle "playchess.com"]
[Source "ChessBase"]
[SourceQuality "1"]

{[%evp 20,105,60,61,103,54,78,46,92,87,89,73,96,98,106,95,110,29,29,7,21,23,18,0,0,4,22,27,27,25,92,85,81,84,211,220,226,229,220,205,212,210,226,167,243,237,226,206,224,231,220,217,153,71,72,14,17,15,63,41,51,23,27,8,17,23,604,524,524,516,358,333,250,253,200,211,412,412,412,412,412,407,412,411,389,364,349,341]} 1. d4 Nf6 2. Nf3 g6 3. c4 Bg7 4. g3 O-O 5. Bg2 d6 6. Nc3 c6 7. O-O Qa5 8. e4 e5 9. h3 Re8 10. Be3 Nbd7 11. Qc2 b5 {[#] E69: King's Indian: Fianchetto: 6...Nbd7 7 0-0 e5 8 e4 c6 9 h3.} 12. dxe5 $146 ({Predecessor:} 12. cxb5 cxb5 13. a3 Bb7 14. d5 Rec8 15. Rfc1 Qd8 16. Nd2 Nc5 17. b4 Na4 18. Qd3 Nxc3 19. Rxc3 Rxc3 20. Qxc3 {1-0 (42) Svane,R (2613)-Hausrath,D (2480) Playchess.com INT 2020}) 12... dxe5 13. Nd2 Ba6 {White is slightly better.} 14. Rfc1 Rac8 15. Nb3 ({Much weaker is} 15. Bxa7 b4 $15) 15... Qc7 {[#]} 16. cxb5 $1 cxb5 {Threatens to win with ...b4.} 17. Bf1 Qb8 18. Bd3 (18. a4 $16) 18... Bb7 $11 {And now ...b4 would win.} 19. a3 a6 20. Qe2 Bf8 21. Na5 Nc5 22. Bxc5 Bxc5 23. Nxb7 Qxb7 24. a4 $1 {[%cal Ra4b5]} Qb6 (24... Qd7 $11 {remains equal.}) 25. axb5 $16 axb5 26. Bxb5 Red8 (26... Rf8 $16) 27. Ra6 $18 Bxf2+ 28. Qxf2 Qxf2+ 29. Kxf2 Nxe4+ 30. Kf3 ({Worse is} 30. Nxe4 Rxc1 31. Kf3 Rc2 $11) 30... f5 31. g4 {Strongly threatening gxf5.} Rc5 (31... Kh8 {was necessary.} 32. Rc2 Nc5) 32. Rc6 Ng5+ 33. Ke2 Rxc6 34. Bxc6 Nxh3 35. gxf5 Nf4+ {[#]} 36. Ke3 ({Better is} 36. Kf1 $1) 36... gxf5 $16 37. Rg1+ ({White should try} 37. Bb5 $16) 37... Kf7 $11 {White must now prevent ...Rd3+.} 38. Bb5 Rd4 39. b3 Kf6 40. Bc4 h5 41. Rd1 Ng2+ 42. Kf2 Rg4 $2 {[%mdl 8192]} (42... Rxd1 $11 43. Nxd1 Nf4) 43. Be2 Rg5 44. Nd5+ Ke6 45. Bc4 Nh4 46. Rh1 Ng6 47. Nf4+ {[%mdl 64] Discovered Attack (Double check)} Kd6 $2 (47... Kf6) 48. Nxg6 $18 Rxg6 49. Rxh5 Rf6 50. Ke3 Kc5 51. Rh8 Rg6 52. Rd8 Rg3+ 53. Kf2 {Accuracy: White = 74%, Black = 58%.} 1-0

[Event "CZE-ch 2020"]
[Site "Pilsen"]
[Date "2020.08.30"]
[Round "8.21"]
[White "Kusa, Jakub"]
[Black "Folk, Petr"]
[Result "1/2-1/2"]
[WhiteElo "2239"]
[BlackElo "2122"]
[Annotator "TA"]
[PlyCount "111"]
[EventDate "2020.08.23"]
[EventType "swiss"]
[EventCountry "CZE"]
[SourceTitle "playchess.com"]
[Source "ChessBase"]
[SourceQuality "1"]

{[%evp 25,111,35,23,33,26,17,19,0,0,-16,-25,-8,-20,-21,0,0,0,-3,0,6,18,11,31,20,33,19,51,45,85,85,85,85,85,85,86,85,85,16,85,85,85,85,86,86,86,86,86,86,86,86,86,86,86,72,93,93,94,93,90,54,72,0,0,0,0,-9,-9,-12,-10,-12,-13,-39,-39,-39,-18,-14,-22,-27,0,0,0,0,0,0,0,0,0,0]} 1. e4 c5 2. Nf3 Nc6 3. d4 cxd4 4. Nxd4 Nf6 5. Nc3 e5 6. Ndb5 d6 7. Bg5 a6 8. Na3 b5 9. Nd5 Be7 10. Bxf6 Bxf6 11. c3 O-O 12. Nc2 Rb8 $1 {[%mdl 4] is recently more successful than 12...Bg5.} 13. h4 Be7 14. Nce3 {B33: Sicilian: Pelikan and Sveshnikov Variations.} Be6 15. Qf3 Qd7 16. Bd3 Bd8 17. g3 (17. a3 {looks sharper.} Ne7 18. g4 Qb7 19. Qg2 Ng6 20. Qg3) 17... Ne7 {[#]} 18. Nxe7+ $146 ({Predecessor:} 18. g4 b4 19. h5 Bxd5 20. exd5 bxc3 21. bxc3 Qa4 22. O-O Bb6 23. Nc4 Bc5 24. h6 {0-1 (45) Babaev,R (2361)-Eljanov,P (2522) Polanica Zdroj 2001}) 18... Qxe7 19. O-O g6 20. Bc2 Bb6 21. Bb3 Bxe3 22. Qxe3 Rfc8 23. Rac1 Rc5 24. Rfd1 Kg7 25. Rd3 h5 26. Rcd1 Bxb3 27. axb3 Rc6 28. Rd5 Rb7 29. b4 Rb8 30. Kh2 Rb7 31. f3 (31. Qd3 $16) 31... Qf6 (31... a5 $1 $11 {remains equal.}) 32. Kg2 $16 Qe7 33. Qg5 f6 34. Qe3 Qe6 35. Kh2 Re7 36. Qd3 {[%cal Rd5d6]} Rd7 37. Rd2 Rd8 38. Qe3 Rd7 39. Rg2 f5 40. Rgd2 Rf7 41. exf5 Rxf5 42. Qa7+ Rf7 {[#]} 43. Qb8 ({White should play} 43. Qf2 $1 $16) 43... Rxf3 $11 {Strongly threatening ...Rc4.} 44. Rxd6 Rxd6 45. Rxd6 {[%mdl 4096] Endgame KQR-KQR} Qg4 46. Qa7+ {[%mdl 64] Double Attack} Kh6 47. Qg1 e4 {[#] White must now prevent ...e3.} 48. Rd2 e3 49. Rg2 Qe4 {aiming for ...e2.} 50. Qd1 Kg7 51. Re2 Rf2+ 52. Rxf2 {The position is equal.} exf2 53. Qd7+ Kg8 54. Qd8+ Kg7 55. Qd7+ Kg8 56. Qd8+ {Accuracy: White = 87%, Black = 88%.} 1/2-1/2

[Event "CZE-ch 2020"]
[Site "Pilsen"]
[Date "2020.08.30"]
[Round "8.22"]
[White "Eret, Jonas"]
[Black "Nytra, Ondrej"]
[Result "1-0"]
[WhiteElo "2219"]
[BlackElo "1925"]
[Annotator "ChessBase"]
[PlyCount "53"]
[EventDate "2020.08.23"]
[EventType "swiss"]
[EventCountry "CZE"]
[SourceTitle "playchess.com"]
[Source "ChessBase"]
[SourceQuality "1"]
[TimeControl "40/5400+30:1800+30"]

1. d4 {[%emt 0:00:00]} d5 {[%emt 0:00:00]} 2. Nf3 {[%emt 0:00:12]} Nf6 {[%emt 0:00:00]} 3. Bf4 {[%emt 0:00:12]} c5 {[%emt 0:00:00]} 4. e3 {[%emt 0:00:37]} Nc6 {[%emt 0:00:00]} 5. Nbd2 {[%emt 0:03:56]} Qb6 {[%emt 0:04:06]} 6. dxc5 {[%emt 0:00:54]} Qxb2 {[%emt 0:02:31]} 7. Rb1 {[%emt 0:09:54]} Qc3 {[%emt 0:02:21]} 8. Bb5 {[%emt 0:03:12]} Bd7 {[%emt 0:01:25]} 9. O-O {[%emt 0:01:38]} Qxc5 {[%emt 0:02:22]} 10. c4 {[%emt 0:01:29]} e6 {[%emt 0:05:34]} 11. Qe2 {[%emt 0:08:24]} Be7 {[%emt 0:05:13]} 12. Rfc1 {[%emt 0:00:58]} Qa3 {[%emt 0:01:56]} 13. cxd5 {[%emt 0:07:01]} exd5 {[%emt 0:04:04]} 14. e4 {[%emt 0:05:28]} O-O {[%emt 0:04:31]} 15. e5 {[%emt 0:02:19]} Nh5 {[%emt 0:02:22]} 16. Be3 {[%emt 0:01:10]} Bf5 {[%emt 0:01:50]} 17. Bxc6 {[%emt 0:03:15]} bxc6 {[%emt 0:01:46]} 18. Nd4 {[%emt 0:00:14]} Bg6 {[%emt 0:21:31]} 19. g4 {[%emt 0:08:00]} Rfc8 {[%emt 0:14:46]} 20. gxh5 {[%emt 0:03:47]} Bxb1 {[%emt 0:00:36]} 21. Nxb1 {[%emt 0:00:41]} Qb4 {[%emt 0:00:21]} 22. a3 {[%emt 0:03:41]} Qa4 {[%emt 0:04:47]} 23. Qg4 {[%emt 0:03:46]} c5 {[%emt 0:03:06]} 24. Nc3 {[%emt 0:00:33]} Qxd4 {[%emt 0:12:46]} 25. Bxd4 {[%emt 0:00:19]} cxd4 {[%emt 0:00:03]} 26. h6 {[%emt 0:01:13]} g6 {[%emt 0:01:41]} 27. Ne2 {[%emt 0:01:21]} 1-0

[Event "CZE-ch 2020"]
[Site "Pilsen"]
[Date "2020.08.30"]
[Round "8.23"]
[White "Hlozek, David"]
[Black "Pychova, Nela"]
[Result "0-1"]
[WhiteElo "2037"]
[BlackElo "2159"]
[Annotator "ChessBase"]
[PlyCount "66"]
[EventDate "2020.08.23"]
[EventType "swiss"]
[EventCountry "CZE"]
[SourceTitle "playchess.com"]
[Source "ChessBase"]
[SourceQuality "1"]
[TimeControl "40/5400+30:1800+30"]

1. e4 {[%emt 0:00:00]} c5 {[%emt 0:00:00]} 2. Nf3 {[%emt 0:00:00]} Nc6 {[%emt 0:00:00]} 3. d4 {[%emt 0:00:00]} cxd4 {[%emt 0:00:00]} 4. Nxd4 {[%emt 0:00:00]} e5 {[%emt 0:00:04]} 5. Nb5 {[%emt 0:00:32]} a6 {[%emt 0:00:09]} 6. Nd6+ {[%emt 0:00:24]} Bxd6 {[%emt 0:00:07]} 7. Qxd6 {[%emt 0:00:03]} Qf6 {[%emt 0:00:22]} 8. Qxf6 {[%emt 0:03:21]} Nxf6 {[%emt 0:00:22]} 9. f3 {[%emt 0:00:39]} d5 {[%emt 0:06:23]} 10. exd5 {[%emt 0:06:23]} Nxd5 {[%emt 0:07:17]} 11. Bd2 {[%emt 0:08:16]} Bf5 {[%emt 0:04:35]} 12. Na3 {[%emt 0:05:44]} Ndb4 {[%emt 0:02:39]} 13. c3 {[%emt 0:03:17]} Nd3+ {[%emt 0:03:34]} 14. Bxd3 {[%emt 0:00:05]} Bxd3 {[%emt 0:00:08]} 15. Kf2 {[%emt 0:02:02]} O-O-O {[%emt 0:10:00]} 16. Rac1 {[%emt 0:06:36]} f5 {[%emt 0:08:11]} 17. b4 {[%emt 0:09:01]} f4 {[%emt 0:04:59]} 18. c4 {[%emt 0:09:14]} Rhe8 {[%emt 0:10:13]} 19. b5 {[%emt 0:13:29]} Nd4 {[%emt 0:01:31]} 20. bxa6 {[%emt 0:03:23]} bxa6 {[%emt 0:00:14]} 21. Rhe1 {[%emt 0:06:26]} g5 {[%emt 0:04:02]} 22. Ba5 {[%emt 0:05:34]} Rd7 {[%emt 0:00:39]} 23. c5 {[%emt 0:02:32]} Nc6 {[%emt 0:02:43]} 24. Bb6 {[%emt 0:03:29]} Rd4 {[%emt 0:05:42]} 25. Rc3 {[%emt 0:01:41]} Re7 {[%emt 0:01:51]} 26. Rd1 {[%emt 0:02:31]} Red7 {[%emt 0:02:11]} 27. Rd2 {[%emt 0:01:45]} h5 {[%emt 0:05:12]} 28. Rb2 {[%emt 0:01:03]} g4 {[%emt 0:03:38]} 29. Rc1 {[%emt 0:03:49]} h4 {[%emt 0:07:53]} 30. fxg4 {[%emt 0:00:27]} e4 {[%emt 0:00:17]} 31. g3 {[%emt 0:00:57]} e3+ {[%emt 0:02:37]} 32. Kg2 {[%emt 0:00:17]} Be4+ {[%emt 0:00:40]} 33. Kf1 {[%emt 0:00:25]} f3 {[%emt 0:00:20]} 0-1